Responses for Show #7906 - Monday, January 14, 2019

Anneke Garcia game 3.

Contestants

[<< previous game]

Suzy Langevin, a social worker from Framingham, Massachusetts

Charlie Jensen, a program director from Los Angeles, California

Anneke Garcia, an instructional design consultant from Salt Lake City, Utah (whose 2-day cash winnings total $37,701)

[next game >>]

Jeopardy! Round responses

EXOTIC WILDLIFE
OLYMPIANS
CONNECTIQUETTE
"T...Y" VERY MUCH
WINDMILLS
FOUND IN TRANSLATION
    $200 13
a sloth

Charlie
    $200 21
Usain Bolt

Anneke
    $200 11
Hartford

Charlie
    $200 6
telepathy

Anneke
    $200 26
water

Suzy
    $200 1
One Hundred Years of Solitude

Anneke
    $400 14
a pod

Suzy
    $400 22
her horse

Charlie
    $1,000 12
a lab coat (or white coat)

Charlie
    $400 7
testimony

Charlie
    $400 27
sails

Anneke
    $400 2
Being and Nothingness

Triple Stumper
    $600 15
the olfactory system

Anneke
    $600 23
fencing

Anneke
    $600 16
country club

Charlie
    $600 8
trajectory

Anneke
    $600 28
Netherlands

Suzy
    $600 3
The Art of Love

Triple Stumper
    $800 17
weaning

Anneke
    $800 24
pentathlon

Suzy
    $800 18
(Anneke: What is West Point?)

the Coast Guard Academy

AnnekeSuzy
    $800 9
topiary

Suzy
    $800 29
the Moulin Rouge

Charlie
    $800 4
Crime and Punishment

Suzy
    $1000 20
(Alex: And before we move on, we do want to thank Lindblad Expeditions for providing us with all of the videos for that category.)

a caribou (or reindeer)

Anneke
    $1000 25
Bonnie Blair

Suzy
    $1000 19
Long Island Sound

Anneke
    $1000 10
toxicity

Charlie
    $1000 30
the Irish Sea

Anneke
    $1000 5
The Merry Widow

Triple Stumper

Scores at the first commercial break (after clue 15):

Anneke Charlie Suzy
$1,600 $2,800 $2,000

Scores at the end of the Jeopardy! Round:

Anneke Charlie Suzy
$5,800 $4,600 $5,400

Double Jeopardy! Round responses

EURO COINS
TERMS OF ENDUREMENT
THE STORY OF MY LIFE
IN THE CLOUD
DRESSED ALIKE
THEY GOT THE MEMO
    $400 5
Venus

Charlie
    $400 6
grit

Suzy
    $400 11
Carrie Fisher

Triple Stumper
    $400 22
lightning

Anneke
    $400 1
Orange is the New Black

Charlie
    $400 17
(Anneke: Who is... Carter?)

Clinton

AnnekeSuzy
    $800 23
the Brandenburg Arch (or the Brandenburg Gate)

Anneke
    $2,000 7
fortitude

Suzy
    $800 12
Malcolm X

Suzy
    $800 27
confirmation

Suzy
    $800 2
(Suzy: Who is Queen Elizabeth?)

Meghan Markle

AnnekeSuzy
    $800 18
uranium

Anneke
    $1200 24
liberté, égalité, fraternité

Anneke
    $1200 8
-athon

Suzy
    $1200 13
the Taliban

Anneke
    $1200 28
Evernote

Anneke
    $1200 3
Kris Jenner

Suzy
    $1200 19
de Gaulle

Anneke
    $1600 25
Lapland

Anneke
    $1600 9
legs

Suzy
    $3,000 14
(Anneke: Who is Strauss?)

John Philip Sousa

Anneke
    $1600 29
[The end-of-round signal sounds.]

the schnauzer

Anneke
    $1600 4
(Suzy: Who is Harry Style?)

Harry Styles

AnnekeSuzy
    $1600 20
the Iraq War

Charlie
    $2000 26
(Alex: Less than a minute now.)

John Paul II and Benedict

Anneke
    $2000 10
stamina

Suzy
    $2000 15
Geronimo

Anneke
    $2000 16
Elizabeth Olsen

Charlie
    $2000 21
(Anneke: What is Russia?)

Austria-Hungary

Anneke
Triple Stumper

Scores at the end of the Double Jeopardy! Round:

Anneke Charlie Suzy
$16,800 $9,000 $13,400

[wagering suggestions for these scores]

Final Jeopardy! Round responses

FAMILIAR PHRASES
CharlieWhat is Seven Year Itch?
$8,900
SuzyWhat is The Seven Year Itch?
$13,000
AnnekeWhat is seven-year itch?
$10,001
seven year itch

Final scores:

Anneke Charlie Suzy
$26,801 $17,900 $26,400
3-day champion: $64,502 3rd place: $1,000 2nd place: $2,000

Game dynamics:

Coryat scores:

Anneke Charlie Suzy
$19,800 $8,400 $12,200
24 R,
4 W
(including 1 DD)
12 R
(including 1 DD),
0 W
17 R
(including 1 DD),
2 W

Combined Coryat: $40,400

[game clues] [game scores] [suggest correction]

Game tape date: 2018-11-27
The J! Archive is created by fans, for fans. Scraping, republication, monetization, and malicious use prohibited; this site may use cookies and collect identifying information. See terms. The Jeopardy! game show and all elements thereof, including but not limited to copyright and trademark thereto, are the property of Jeopardy Productions, Inc. and are protected under law. This website is not affiliated with, sponsored by, or operated by Jeopardy Productions, Inc. Join the discussion at JBoard.tv.